[Event "Druzynowe Mistrzostwa Regionu KPZSzach 2"]
[Site "Kujawsko-pomorskie"]
[Date "2020.??.??"]
[Round "5.1"]
[White "Wojcicki, Mateusz"]
[Black "Bieluszewski, Robert"]
[Result "1-0"]
[WhiteElo "1825"]
[BlackElo "1816"]
[PlyCount "123"]
[EventDate "2020.??.??"]

1. e4 e5 2. Nf3 Nc6 3. Bb5 Nge7 4. O-O g6 5. c3 Bg7 6. d4 exd4 7. cxd4 O-O 8.
d5 a6 9. Be2 Nb8 10. Nc3 d6 11. Bg5 f6 12. Be3 Nd7 13. Nd4 Ne5 14. Qb3 f5 15.
f4 Nf7 16. Ne6 Bxe6 17. dxe6 Nh6 18. Qxb7 Rb8 19. Qxa6 Rxb2 20. e5 dxe5 21.
fxe5 Rc2 22. Rac1 Rxc1 23. Rxc1 f4 24. Rd1 Qe8 25. Bc5 Bxe5 26. Nd5 Nhf5 27.
Nxe7+ Nxe7 28. Rd7 Bd6 29. Bxd6 cxd6 30. Qxd6 Nf5 31. Qe5 Qb8 32. Qxb8 Rxb8 33.
Bc4 Rb1+ 34. Kf2 Kf8 35. Rxh7 Rb2+ 36. Kf3 Rb4 37. Rc7 Nd4+ 38. Kg4 f3 39. e7+
Ke8 40. gxf3 Nf5 41. f4 Ne3+ 42. Kg5 Nxc4 43. Kxg6 Rb6+ 44. Kg5 Ne3 45. h4 Nd5
46. Rc5 Nxe7 47. h5 Kf7 48. a4 Ra6 49. a5 Nc6 50. f5 Nxa5 51. Rc7+ Kg8 52. f6
Nc6 53. f7+ Kf8 54. h6 Nd8 55. h7 Ra5+ 56. Kf4 Ra4+ 57. Kg5 Ne6+ 58. Kf6 Rf4+
59. Kxe6 Re4+ 60. Kf5 Rh4 61. Kg6 Rg4+ 62. Kh5 1-0

[Event "Druzynowe Mistrzostwa Regionu KPZSzach 2"]
[Site "Kujawsko-pomorskie"]
[Date "2020.??.??"]
[Round "5.2"]
[White "Bieluszewski, Lukasz"]
[Black "Jesse, Jacek"]
[Result "0-1"]
[WhiteElo "1695"]
[BlackElo "1965"]
[PlyCount "94"]
[EventDate "2020.??.??"]

1. d4 Nf6 2. Nf3 e6 3. Nc3 d5 4. g3 Nbd7 5. Bg2 Be7 6. Bf4 a6 7. O-O O-O 8. Ne5
Nh5 9. e4 Nxf4 10. gxf4 c6 11. exd5 exd5 12. Nxd7 Bxd7 13. Qd3 Qc8 14. Rae1 Bd6
15. Qf3 Bf5 16. Rc1 Re8 17. h3 Re6 18. Rfe1 Rh6 19. Re3 Rh4 20. Rce1 Qd7 21.
Ne2 Bxc2 22. Qg3 Rh6 23. Kf1 Kf8 24. h4 Rg6 25. Qh2 Bf5 26. Ng1 Qc7 27. Ne2 Rg4
28. f3 Rg6 29. Bh3 Rf6 30. Bxf5 Rxf5 31. Qh3 g6 32. Ng3 Rxf4 33. h5 Kg7 34.
hxg6 fxg6 35. Qg2 Kh8 36. Kf2 Raf8 37. Ne2 Rh4 38. Rh1 Qd8 39. Rxh4 Qxh4+ 40.
Kf1 Rf5 41. Ng1 Qxd4 42. Qe2 Bc5 43. Re8+ Kg7 44. Nh3 Qf6 45. Ng1 Qg5 46. Nh3
Qg3 47. Nf2 Rxf3 0-1

[Event "Druzynowe Mistrzostwa Regionu KPZSzach 2"]
[Site "Kujawsko-pomorskie"]
[Date "2020.??.??"]
[Round "5.3"]
[White "Operman, Dariusz"]
[Black "Luchowski, Ferdynand"]
[Result "1/2-1/2"]
[WhiteElo "1417"]
[BlackElo "1549"]
[PlyCount "66"]
[EventDate "2020.??.??"]

1. e4 c5 2. d4 cxd4 3. c3 dxc3 4. Nxc3 e6 5. Nf3 Nc6 6. Bb5 Qc7 7. O-O a6 8.
Ba4 Nf6 9. Bg5 Be7 10. Rc1 h6 11. Bh4 b5 12. Bb3 Qd8 13. a3 O-O 14. Qd3 Nh7 15.
Bg3 Re8 16. Bc2 Nf8 17. Ne2 Bb7 18. Rfd1 Rc8 19. Nf4 Na5 20. Ne5 Nc4 21. Nxc4
Rxc4 22. Re1 Bg5 23. Rcd1 Bxf4 24. Bxf4 d5 25. Bb1 e5 26. Bd2 d4 27. Qg3 Ng6
28. Bd3 Rc6 29. Rc1 Ree6 30. Rxc6 Rxc6 31. Rc1 Rxc1+ 32. Bxc1 Qh4 33. Qxh4 Nxh4
1/2-1/2

[Event "Druzynowe Mistrzostwa Regionu KPZSzach 2"]
[Site "Kujawsko-pomorskie"]
[Date "2020.??.??"]
[Round "5.4"]
[White "Malinowski, Tomasz"]
[Black "Binger, Damian"]
[Result "1-0"]
[WhiteElo "1624"]
[BlackElo "1334"]
[PlyCount "98"]
[EventDate "2020.??.??"]

1. e4 d5 2. exd5 Qxd5 3. Nc3 Qa5 4. d4 c6 5. Nf3 Nf6 6. Bd2 Qc7 7. h3 e6 8. Bd3
Bd6 9. Ne2 O-O 10. c4 b6 11. Qc2 Nbd7 12. O-O h6 13. Rac1 c5 14. Nc3 a6 15.
Rfd1 cxd4 16. Nxd4 Bb7 17. Bf1 Nc5 18. b4 Nce4 19. Nxe4 Nxe4 20. Be1 Bf4 21.
Rb1 Rac8 22. Ne2 Bg5 23. Nc1 Rfd8 24. Nb3 Qf4 25. g3 Qc7 26. f4 Be7 27. a3 h5
28. h4 Bf6 29. Rdc1 Rd7 30. Bg2 Nd6 31. c5 bxc5 32. Nxc5 Bd4+ 33. Bf2 Bxc5 34.
bxc5 Bxg2 35. Kxg2 Qc6+ 36. Kg1 Nf5 37. Rb6 Qf3 38. c6 Rdc7 39. Qc3 Qd5 40.
Rxa6 Ne7 41. Qc5 Qxc5 42. Rxc5 Rxc6 43. Rcxc6 Rxc6 44. Ra7 Nd5 45. a4 Nb4 46.
Ra8+ Kh7 47. a5 Ra6 48. Rxa6 Nxa6 49. Bb6 Kg6 {DALSZY ZAPIS PARTII NIECZYTELNY
!!!} 1-0

[Event "Druzynowe Mistrzostwa Regionu KPZSzach 2"]
[Site "Kujawsko-pomorskie"]
[Date "2020.??.??"]
[Round "5.5"]
[White "Marszelska, Joanna"]
[Black "Rybak, Elzbieta"]
[Result "1-0"]
[WhiteElo "1419"]
[BlackElo "1192"]
[PlyCount "83"]
[EventDate "2020.??.??"]

1. e4 e5 2. Nf3 Nc6 3. Nc3 Bd6 4. d3 Qe7 5. Nd5 Qd8 6. Be2 b6 7. Bd2 Bb7 8. b4
h6 9. c4 Bf8 10. Bc3 f6 11. Qb3 d6 12. Nh4 Nge7 13. Bh5+ Kd7 14. b5 Nd4 15.
Bxd4 exd4 16. O-O Kc8 17. Bg4+ Kb8 18. Rfe1 c6 19. Nxe7 Qxe7 20. Ng6 Qe8 21.
Nxh8 c5 22. Bf5 g5 23. Qd1 Bc8 24. Qf3 Bb7 25. Bg6 Qe7 26. Bf7 Bg7 27. Bd5 Bxh8
28. Bxb7 Qxb7 29. Qh5 Qe7 30. a4 Bg7 31. a5 Kb7 32. Qf3 Re8 33. e5+ Kb8 34.
axb6 Kc8 35. Qc6+ Kb8 36. Rxa7 Qxa7 37. bxa7+ Kxa7 38. Ra1+ Kb8 39. Qa8+ Kc7
40. Qxe8 dxe5 41. Qc6+ Kd8 42. Ra7 1-0

[Event "Druzynowe Mistrzostwa Regionu KPZSzach 2"]
[Site "Kujawsko-pomorskie"]
[Date "2020.??.??"]
[Round "5.6"]
[White "Krainski, Aleksander"]
[Black "Darowicki, Mariusz"]
[Result "1/2-1/2"]
[WhiteElo "2109"]
[BlackElo "1950"]
[PlyCount "85"]
[EventDate "2020.??.??"]

1. d4 d5 2. Nf3 Nc6 3. c4 Bg4 4. cxd5 Bxf3 5. exf3 Qxd5 6. Be3 e6 7. Nc3 Qh5 8.
Qb3 O-O-O 9. O-O-O Nge7 10. Bb5 g6 11. h4 Bh6 12. g4 Bxe3+ 13. fxe3 Qh6 14. Ne4
Rxd4 15. Bxc6 Nxc6 16. Nc5 Rb4 17. Qc3 Rg8 18. Nd7 Rd8 19. Ne5 Rxd1+ 20. Rxd1
Nxe5 21. Qxb4 Qxe3+ 22. Kb1 b6 23. Qa4 Kb7 24. Qe4+ Qxe4+ 25. fxe4 Nxg4 26. Rd7
Ne5 27. Rd8 Kc6 28. Kc2 h5 29. Kc3 Nf3 30. Rf8 f5 31. Rf6 Kd6 32. Rxg6 Nxh4 33.
Rh6 fxe4 34. Rxh5 Nf5 35. Kd2 Ke5 36. Rh7 Kd6 37. Rh8 a5 38. Rd8+ Ke7 39. Rh8
b5 40. b3 Nd4 41. Ke3 Nc6 42. Kxe4 Kd6 43. Rh2 {DALSZY ZAPIS PARTII NIECZYTELNY
} 1/2-1/2

[Event "Druzynowe Mistrzostwa Regionu KPZSzach 2"]
[Site "Kujawsko-pomorskie"]
[Date "2020.??.??"]
[Round "5.7"]
[White "Zolnierowicz, Krzysztof"]
[Black "Krainski, Slawomir"]
[Result "1/2-1/2"]
[WhiteElo "1987"]
[BlackElo "2107"]
[PlyCount "60"]
[EventDate "2020.??.??"]

1. e4 e5 2. Nf3 Nc6 3. Bb5 a6 4. Ba4 Nf6 5. O-O Be7 6. Re1 b5 7. Bb3 d6 8. c3
O-O 9. a4 Bd7 10. d4 h6 11. Nbd2 Re8 12. Nf1 Bf8 13. axb5 axb5 14. Rxa8 Qxa8
15. dxe5 Nxe5 16. Nxe5 dxe5 17. Qf3 Be6 18. Bxe6 Rxe6 19. Ng3 Ra6 20. Nf5 Ra1
21. h4 Nxe4 22. Rxe4 Rxc1+ 23. Kh2 g6 24. h5 Qd5 25. hxg6 fxg6 26. Ne3 Qe6 27.
Qg3 h5 28. Qg5 Be7 29. Qh6 Bf8 30. Qg5 Be7 1/2-1/2

[Event "Druzynowe Mistrzostwa Regionu KPZSzach 2"]
[Site "Kujawsko-pomorskie"]
[Date "2020.??.??"]
[Round "5.8"]
[White "Szczesniak, Andrzej"]
[Black "Kaminski, Damian"]
[Result "1-0"]
[WhiteElo "1934"]
[BlackElo "1839"]
[PlyCount "87"]
[EventDate "2020.??.??"]

1. d4 Nf6 2. c4 c5 3. d5 b5 4. cxb5 a6 5. e3 g6 6. Nc3 Bg7 7. Nf3 O-O 8. a4 d6
9. e4 e6 10. dxe6 Bxe6 11. Bg5 Qa5 12. Bd2 Qb4 13. Bd3 Qa5 14. O-O Qd8 15. Bg5
h6 16. Bh4 Nbd7 17. Bc2 Qb8 18. Bg3 Ne5 19. Nxe5 dxe5 20. Qe2 Nh5 21. Bd3 Rc8
22. Bc4 Nf4 23. Bxf4 exf4 24. Bd5 Bxd5 25. Nxd5 Re8 26. b6 Be5 27. Qc4 f3 28.
g3 Qc8 29. Ra3 Qg4 30. Qd3 Bxb2 31. Rb3 Be5 32. Qxf3 Qxf3 33. Rxf3 a5 34. Rc1
Rac8 35. b7 Rb8 36. Rb3 Bd4 37. Rb5 Kg7 38. Rcb1 Rxe4 39. Nc7 Be5 40. Na6 Re8
41. Rxa5 g5 42. Rxc5 Bd4 43. Rc8 Ba7 44. Ra8 1-0

[Event "Druzynowe Mistrzostwa Regionu KPZSzach 2"]
[Site "Kujawsko-pomorskie"]
[Date "2020.??.??"]
[Round "5.9"]
[White "Szmidt, Przemyslaw"]
[Black "Karpus, Michal"]
[Result "0-1"]
[WhiteElo "1860"]
[BlackElo "2286"]
[PlyCount "68"]
[EventDate "2020.??.??"]

1. d4 Nf6 2. c4 e6 3. g3 d5 4. Bg2 g6 5. Nf3 Bg7 6. O-O O-O 7. Qc2 b6 8. Nbd2
Bb7 9. Ne5 Qe7 10. e4 c6 11. b3 Na6 12. Bb2 Rac8 13. a3 Rfd8 14. Rfe1 dxc4 15.
bxc4 Ne8 16. Nb3 c5 17. d5 Nd6 18. Qc3 Qe8 19. Rac1 Qa4 20. Bh3 Nc7 21. Qf3 Rf8
22. Qd3 Rcd8 23. Re2 Ba6 24. Nd2 b5 25. Qb1 bxc4 26. Qa1 c3 27. Bxc3 Bxe2 28.
Nc6 Bxc3 29. Qxc3 Rd7 30. Qf6 Nxe4 31. Nxe4 Qxe4 32. dxe6 Nxe6 33. Ne7+ Rxe7
34. Qxe7 Bg4 0-1

[Event "Druzynowe Mistrzostwa Regionu KPZSzach 2"]
[Site "Kujawsko-pomorskie"]
[Date "2020.??.??"]
[Round "5.10"]
[White "Pacuszka, Wioletta"]
[Black "Kot, Ewelina"]
[Result "1-0"]
[WhiteElo "1743"]
[BlackElo "1239"]
[PlyCount "84"]
[EventDate "2020.??.??"]

1. e4 e6 2. d4 d5 3. exd5 exd5 4. Nf3 Nf6 5. Bd3 Bd6 6. O-O O-O 7. Bg5 Be6 8.
c3 Nbd7 9. Nbd2 c5 10. Re1 c4 11. Bf1 b5 12. Qc2 h6 13. Bh4 Qc7 14. Bg3 Bxg3
15. hxg3 Rfe8 16. Nh4 Nf8 17. Nf5 Qd7 18. Ne3 Ng6 19. Be2 a5 20. b3 a4 21. bxc4
bxc4 22. Rab1 Rab8 23. Rb2 Rxb2 24. Qxb2 Qc7 25. Rb1 Nd7 26. Qb7 Qxb7 27. Rxb7
Rb8 28. Rxb8+ Nxb8 29. Bd1 a3 30. Nb1 Kf8 31. Nxa3 Ke7 32. Ba4 Nf8 33. Nec2 Kd6
34. Nb4 Nh7 35. Bc2 Nf6 36. Kf1 Nfd7 37. Ke2 Nb6 38. g4 Nc6 39. f4 Ne7 40. f5
Bd7 41. Kf3 f6 42. Kf4 Bc6 {DALSZY ZAPIS PARTII NIECZYTELNY} 1-0

[Event "Druzynowe Mistrzostwa Regionu KPZSzach 2"]
[Site "Kujawsko-pomorskie"]
[Date "2020.??.??"]
[Round "5.11"]
[White "Jablonski, Miroslaw"]
[Black "Kulinski, Krzysztof"]
[Result "1-0"]
[WhiteElo "1830"]
[BlackElo "1977"]
[PlyCount "105"]
[EventDate "2020.??.??"]

1. d4 d5 2. Nf3 Nf6 3. c4 e6 4. Bg5 Be7 5. Nc3 O-O 6. e3 Ne4 7. Bxe7 Qxe7 8.
Nxe4 dxe4 9. Nd2 e5 10. d5 f5 11. Qc2 Kh8 12. c5 Nd7 13. Nb3 Nf6 14. O-O-O Rd8
15. Bc4 a5 16. a4 Qf8 17. Rd2 Bd7 18. Qc3 Bxa4 19. Qxe5 Bxb3 20. Bxb3 Qxc5+ 21.
Rc2 Qb5 22. Bc4 Qd7 23. Rd1 Re8 24. Qc3 Ng4 25. Qb3 Reb8 26. d6 a4 27. Qa2 cxd6
28. Be6 Qb5 29. Rxd6 Ne5 30. Bc4 Qb4 31. Qa3 Qxa3 32. bxa3 b5 33. Be6 g6 34.
Rc7 b4 35. f4 Nd3+ 36. Kb1 bxa3+ 37. Ka2 Rd8 38. Rxd8+ Rxd8 39. Kxa3 Ne1 40.
Kxa4 Nxg2 41. Rc3 Rd3 42. Rc8+ Kg7 43. Rc7+ Kf6 44. Bc4 g5 45. fxg5+ Kxg5 46.
Bxd3 exd3 47. Rg7+ Kf6 48. Rxg2 Ke5 49. Kb3 Ke4 50. Kc3 Kxe3 51. Rg3+ Ke2 52.
Rxd3 f4 53. Rh3 1-0

[Event "Druzynowe Mistrzostwa Regionu KPZSzach 2"]
[Site "Kujawsko-pomorskie"]
[Date "2020.??.??"]
[Round "5.12"]
[White "Cichocki, Konrad"]
[Black "Sivickis, Wiktoria"]
[Result "1/2-1/2"]
[WhiteElo "1811"]
[BlackElo "1727"]
[PlyCount "151"]
[EventDate "2020.??.??"]

1. c4 Nf6 2. Nc3 g6 3. e4 d6 4. d4 Bg7 5. Nf3 O-O 6. Be2 c6 7. O-O e5 8. d5 Qc7
9. Be3 Ng4 10. Bg5 f5 11. c5 h6 12. h3 Nf6 13. Bxf6 Bxf6 14. dxc6 dxc5 15. cxb7
Bxb7 16. Nd5 Qg7 17. Nxf6+ Rxf6 18. Bc4+ Kh7 19. Nxe5 Bxe4 20. f3 Bb7 21. Rf2
Rf8 22. Qd6 Na6 23. Bxa6 Bxa6 24. Nd7 Rfd8 25. Nf6+ Kh8 26. Qxa6 Rab8 27. Re1
Rb6 28. Qa5 Qxf6 29. Qxc5 Rxb2 30. Rxb2 Qxb2 31. Qxa7 Qd4+ 32. Qxd4+ Rxd4 33.
Ra1 Ra4 34. a3 Kg7 35. Kf2 Kf6 36. Ke3 Ke5 37. Ra2 Kd5 38. Kd3 Kc5 39. Kc3 Kb5
40. Kb3 Rd4 41. Re2 Rd3+ 42. Kb2 Ka4 43. Rc2 Rb3+ 44. Kc1 Rxa3 45. Rc6 g5 46.
Rxh6 Ra1+ 47. Kd2 Ra2+ 48. Ke3 Rxg2 49. Rf6 f4+ 50. Ke4 Rg3 51. Rh6 Kb4 52. h4
gxh4 53. Kxf4 Rg8 54. Ke5 Re8+ 55. Kf5 Rf8+ 56. Kg4 Kc5 57. f4 Kd5 58. f5 Ke5
59. Re6+ Kd5 60. Re1 Rh8 61. Kg5 h3 62. f6 Rg8+ 63. Kf5 Rg2 64. Rd1+ Kc6 65.
Ke6 Re2+ 66. Kf7 h2 67. Kf8 Rf2 68. f7 Rg2 69. Ke8 Re2+ 70. Kd8 Rf2 71. Ke7
Re2+ 72. Kf6 Rf2+ 73. Kg7 Rg2+ 74. Kh7 Rg1 75. Rxg1 hxg1=Q 76. f8=Q 1/2-1/2

[Event "Druzynowe Mistrzostwa Regionu KPZSzach 2"]
[Site "Kujawsko-pomorskie"]
[Date "2020.??.??"]
[Round "5.13"]
[White "Maslowski, Jakub"]
[Black "Augustowski, Janusz"]
[Result "1-0"]
[WhiteElo "1523"]
[BlackElo "1740"]
[PlyCount "65"]
[EventDate "2020.??.??"]

1. e4 c6 2. d4 d5 3. Nc3 dxe4 4. Nxe4 Bf5 5. Ng3 Bg6 6. h4 h6 7. h5 Bh7 8. Nf3
Nd7 9. Bd3 Bxd3 10. Qxd3 Qc7 11. Bd2 e6 12. O-O-O O-O-O 13. Qe2 Ngf6 14. Ne5
Nb6 15. Ba5 Rd5 16. Qe1 c5 17. Qc3 Bd6 18. Nc4 Bxg3 19. fxg3 cxd4 20. Rxd4 Rhd8
21. Bxb6 axb6 22. Nxb6+ Kb8 23. Qxc7+ Kxc7 24. Nxd5+ Rxd5 25. Rxd5 Nxd5 26. Rf1
f5 27. g4 Ne3 28. Re1 Nxg2 29. Rxe6 fxg4 30. Rg6 Nf4 31. Rxg7+ Kc6 32. Rxg4
Nxh5 33. Rh4 1-0

[Event "Druzynowe Mistrzostwa Regionu KPZSzach 2"]
[Site "Kujawsko-pomorskie"]
[Date "2020.??.??"]
[Round "5.14"]
[White "Baumann, Dariusz"]
[Black "Kozlinski, Marcin"]
[Result "1-0"]
[WhiteElo "2087"]
[BlackElo "1557"]
[PlyCount "133"]
[EventDate "2020.??.??"]

1. d4 Nf6 2. c4 g6 3. Nc3 Bg7 4. e4 d6 5. Nf3 O-O 6. h3 Nc6 7. Bg5 e5 8. dxe5
dxe5 9. Qxd8 Nxd8 10. Bxf6 Bxf6 11. Nd5 Bg7 12. Nxc7 Rb8 13. Bd3 Ne6 14. Nxe6
Bxe6 15. Ke2 f5 16. b3 Bd7 17. Nd2 Bc6 18. f3 Rbd8 19. Rad1 Rd4 20. Bc2 Bh6 21.
exf5 gxf5 22. Nb1 Kg7 23. Rhf1 Kf6 24. g4 Rxd1 25. Rxd1 fxg4 26. Rd6+ Kg7 27.
fxg4 Bf4 28. Bf5 Rf7 29. Nc3 Bg5 30. Be4 Be7 31. Rd3 Bxe4 32. Nxe4 Rf4 33. Ng3
Rf7 34. Nf5+ Kf6 35. Rd7 Bc5 36. Rxf7+ Kxf7 37. Kf3 Kf6 38. Ke4 Ke6 39. h4 Bb4
40. g5 b6 41. h5 Bd2 42. g6 hxg6 43. hxg6 Bc3 44. b4 Bxb4 45. g7 Kf7 46. Kxe5
Bc5 47. a4 Bf2 48. Kd5 Bg1 49. Kc6 Bf2 50. Kb5 a5 51. Nd6+ Kxg7 52. Nc8 Kf7 53.
Nxb6 Be1 54. c5 Ke7 55. Nc4 Kd7 56. Nxa5 Kc7 57. Nc4 Bf2 58. a5 Kb7 59. Nb6 Bg3
60. Nd5 Ka7 61. c6 Bh2 62. c7 Bxc7 63. Nxc7 Kb7 64. Nd5 Ka7 65. a6 Kb8 66. Kb6
Ka8 67. Nc7+ 1-0

[Event "Druzynowe Mistrzostwa Regionu KPZSzach 2"]
[Site "Kujawsko-pomorskie"]
[Date "2020.??.??"]
[Round "5.15"]
[White "Sivickis, Kornelia"]
[Black "Cichocka, Katarzyna"]
[Result "1/2-1/2"]
[WhiteElo "1111"]
[BlackElo "1540"]
[PlyCount "98"]
[EventDate "2020.??.??"]

1. e4 c5 2. Nc3 d6 3. f4 g6 4. Bc4 Bg7 5. Nf3 Nc6 6. O-O a6 7. a3 Nf6 8. d3 O-O
9. Kh1 Bg4 10. Ne2 d5 11. exd5 Nxd5 12. h3 Bc8 13. Rb1 b5 14. Ba2 Bb7 15. Qe1
Nd4 16. Nfxd4 cxd4 17. Qg3 Rc8 18. Bb3 e6 19. Bd2 a5 20. a4 b4 21. Qf2 Nb6 22.
Qg3 Qd7 23. Ra1 Rc5 24. Qf2 Bc6 25. c3 Rh5 26. Kh2 bxc3 27. bxc3 dxc3 28. Bxc3
Bxc3 29. Nxc3 Nd5 30. Nxd5 exd5 31. Kg1 d4 32. Rfe1 Rc5 33. Re2 Rc3 34. Bc4
Bxa4 35. Rea2 Bb3 36. Bxb3 Rxb3 37. Qd2 Qf5 38. Rxa5 Qxd3 39. Qxd3 Rxd3 40.
R5a3 Rxa3 41. Rxa3 Kg7 42. Kf2 Kf6 43. Kf3 Re8 44. Rd3 Rd8 45. Ke4 g5 46. g3
Re8+ 47. Kxd4 gxf4 48. Rf3 Kg5 49. Rxf4 Kg6 1/2-1/2

[Event "Druzynowe Mistrzostwa Regionu KPZSzach 2"]
[Site "Kujawsko-pomorskie"]
[Date "2020.??.??"]
[Round "5.16"]
[White "Musial, Marian"]
[Black "Straszewski, Tomasz"]
[Result "0-1"]
[WhiteElo "1526"]
[BlackElo "1682"]
[PlyCount "28"]
[EventDate "2020.??.??"]

1. e4 e5 2. Nf3 Nc6 3. Bc4 Nf6 4. d3 Bc5 5. c3 d5 6. exd5 Nxd5 7. b4 Bb6 8. b5
Na5 9. Nxe5 O-O 10. O-O Nxc3 11. Qh5 Nxc4 12. Nxc4 Qxd3 13. Nxb6 Ne2+ 14. Kh1
Ng3+ 0-1

[Event "Druzynowe Mistrzostwa Regionu KPZSzach 2"]
[Site "Kujawsko-pomorskie"]
[Date "2020.??.??"]
[Round "5.17"]
[White "Kaminski, Mateusz"]
[Black "Przybylski, Bartosz"]
[Result "1/2-1/2"]
[WhiteElo "1432"]
[BlackElo "1379"]
[PlyCount "41"]
[EventDate "2020.??.??"]

1. e4 e6 2. d4 d5 3. Nd2 Nf6 4. e5 Nfd7 5. f4 c5 6. c3 Nc6 7. Ndf3 Qb6 8. a3 a6
9. b4 cxd4 10. cxd4 Be7 11. Bb2 Nf8 12. Bd3 Ng6 13. Ne2 Bd7 14. O-O O-O-O 15.
Rc1 Kb8 16. Qd2 f6 17. Kh1 f5 18. Rc2 h6 19. Qe3 Nf8 20. Nc3 Na7 21. Na4 {
DALSZY ZAPIS PARTII NIECZYTELNY} 1/2-1/2

[Event "Druzynowe Mistrzostwa Regionu KPZSzach 2"]
[Site "Kujawsko-pomorskie"]
[Date "2020.??.??"]
[Round "5.18"]
[White "Wisniewski, Przemyslaw"]
[Black "Podlewski, Szymon"]
[Result "1/2-1/2"]
[WhiteElo "1945"]
[BlackElo "1540"]
[PlyCount "104"]
[EventDate "2020.??.??"]

1. Nf3 Nc6 2. d4 d5 3. Bf4 Bf5 4. e3 e6 5. Bd3 Bg6 6. a3 Bd6 7. Bg3 a6 8. O-O
Nf6 9. Ne5 Bxe5 10. dxe5 Nh5 11. Qg4 Nxg3 12. Qxg3 O-O 13. Nd2 Ne7 14. Rad1 c5
15. Nf3 Qc7 16. h4 Bxd3 17. cxd3 c4 18. h5 h6 19. Rc1 b5 20. Nd4 Nc6 21. f4
Nxd4 22. exd4 Qb6 23. Qe3 cxd3 24. f5 exf5 25. Rxf5 Rac8 26. Rcf1 Rc6 27. Qxd3
Re6 28. R5f4 Rxe5 29. Qf3 Re4 30. Rxe4 dxe4 31. Qxe4 Qe6 32. Qxe6 fxe6 33.
Rxf8+ Kxf8 34. Kf2 Ke7 35. Ke3 Kf6 36. Kf4 g6 37. hxg6 Kxg6 38. Ke5 Kf7 39. b3
h5 40. a4 bxa4 41. bxa4 a5 42. d5 exd5 43. Kxd5 Kf6 44. Kc5 Kf5 45. Kb5 Kf4 46.
Kxa5 Kg3 47. Kb4 Kxg2 48. a5 h4 49. a6 h3 50. a7 h2 51. a8=Q+ Kg1 52. Qg8+ Kf2
1/2-1/2

[Event "Druzynowe Mistrzostwa Regionu KPZSzach 2"]
[Site "Kujawsko-pomorskie"]
[Date "2020.??.??"]
[Round "5.19"]
[White "Dahms, Medard"]
[Black "Zebracki, Tomasz"]
[Result "1-0"]
[WhiteElo "1482"]
[BlackElo "2235"]
[PlyCount "94"]
[EventDate "2020.??.??"]

1. e4 e6 2. d4 d5 3. exd5 exd5 4. Bd3 Bd6 5. h3 Nc6 6. c3 Nge7 7. Qc2 Be6 8.
Be3 Qd7 9. Ne2 O-O-O 10. Nd2 Rde8 11. O-O-O Nf5 12. Bf4 Nfxd4 13. cxd4 Nb4 14.
Qb3 Nxd3+ 15. Qxd3 Bf5 16. Qf3 Qa4 17. Qc3 Kb8 18. Be3 Qxa2 19. Nb3 b6 20. Nf4
a5 21. Nd3 a4 22. Nd2 a3 23. Nb1 axb2+ 24. Qxb2 Qa6 25. Qc3 Bd7 26. Rd2 Re6 27.
Rb2 Rhe8 28. Kd2 f5 29. g3 Bxg3 30. Nc5 Qc8 31. Nxe6 Bd6 32. Nf4 Qa6 33. Nxd5
f4 34. Nxf4 Qb7 35. Re1 Qf3 36. Nd3 Bxh3 37. Nb4 Bd7 38. Na3 Bf4 39. Nac2 Qxf2+
40. Re2 Qf3 41. Na2 h5 42. Nc1 Bd6 43. Nd3 h4 44. Nf2 h3 45. Nxh3 Bxh3 46. Ne1
Qf5 47. Qc6 {DALSZY ZAPIS PARTII NIECZYTELNY} Qd5 1-0

[Event "Druzynowe Mistrzostwa Regionu KPZSzach 2"]
[Site "Kujawsko-pomorskie"]
[Date "2020.??.??"]
[Round "5.20"]
[White "Paprocka, Renata"]
[Black "Borkowska, Zuzanna"]
[Result "1-0"]
[WhiteElo "1925"]
[BlackElo "1592"]
[PlyCount "103"]
[EventDate "2020.??.??"]

1. d4 d5 2. c4 e6 3. Nf3 c5 4. cxd5 exd5 5. Nc3 Nc6 6. g3 Nf6 7. Bg2 h6 8. O-O
Be7 9. Bf4 O-O 10. Rc1 a6 11. dxc5 Bxc5 12. Ne5 Be6 13. Nxc6 bxc6 14. Na4 Bd6
15. Rxc6 Bxf4 16. gxf4 Bd7 17. Rc3 Bxa4 18. Qxa4 Qb8 19. Rb3 Qe8 20. Qxe8 Rfxe8
21. e3 Rad8 22. Rd1 Re7 23. Rd4 Rc7 24. Rbd3 Rc2 25. Rd2 Rc1+ 26. Rd1 Rxd1+ 27.
Rxd1 Kf8 28. Rd4 Rb8 29. b3 Rb5 30. Bf1 Ra5 31. a4 Ne4 32. Bd3 Nd2 33. Rb4 Nf3+
34. Kh1 Rc5 35. Bxa6 Nh4 36. h3 Rc2 37. Kh2 g5 38. fxg5 hxg5 39. Kg3 Nf5+ 40.
Kf3 Nh4+ 41. Kg4 f6 42. f4 Rg2+ 43. Kh5 Nf5 44. Kg6 Nxe3 45. Kxf6 Ke8 46. fxg5
Rc2 47. Ke5 Rd2 48. Ke6 Kf8 49. h4 d4 50. h5 Ng4 51. h6 Rh2 52. Rb8# 1-0

[Event "Druzynowe Mistrzostwa Regionu KPZSzach 2"]
[Site "Kujawsko-pomorskie"]
[Date "2020.??.??"]
[Round "5.21"]
[White "Gryniakow, Jaroslaw"]
[Black "Kacprzak, Karol"]
[Result "0-1"]
[WhiteElo "2138"]
[BlackElo "1868"]
[PlyCount "95"]
[EventDate "2020.??.??"]

1. d4 Nf6 2. Bg5 Ne4 3. Bf4 d5 4. e3 e6 5. Bd3 Nf6 6. Nf3 c5 7. c3 Bd6 8. Bxd6
Qxd6 9. Ne5 Qb6 10. b3 Nc6 11. f4 O-O 12. Nd2 Nd7 13. Ndf3 f5 14. Nxc6 bxc6 15.
O-O Ba6 16. Rc1 Bxd3 17. Qxd3 Rac8 18. Rc2 h6 19. Rfc1 Rc7 20. h3 Kh7 21. Kh2
g6 22. g4 Rfc8 23. Rg2 cxd4 24. Rcg1 Nf8 25. gxf5 exf5 26. Nh4 c5 27. cxd4 c4
28. bxc4 dxc4 29. Qc3 Qf6 30. Nf3 Rb8 31. Ne5 Rd8 32. Rb1 g5 33. fxg5 hxg5 34.
Qc2 Kh8 35. Rf1 f4 36. exf4 Rxd4 37. Ng4 Qd6 38. Qc3 Rg7 39. Ne5 Ne6 40. Rd1
gxf4 41. Nf3 Rxd1 42. Qf6 Qe7 43. Qh6+ Kg8 44. Re2 Rd6 45. Nd4 Rxd4 46. Rxe6
Rd2+ 47. Kh1 Qb7+ 48. Rc6 0-1

[Event "Druzynowe Mistrzostwa Regionu KPZSzach 2"]
[Site "Kujawsko-pomorskie"]
[Date "2020.??.??"]
[Round "5.22"]
[White "Kacprzak, Kacper"]
[Black "Gorniewicz, Oskar"]
[Result "1-0"]
[WhiteElo "1845"]
[BlackElo "1930"]
[PlyCount "141"]
[EventDate "2020.??.??"]

1. e4 c6 2. d4 d5 3. e5 Bf5 4. g4 Bg6 5. e6 Qd6 6. exf7+ Bxf7 7. Nc3 e5 8. Nf3
exd4 9. Qxd4 Nd7 10. Be2 Qg6 11. Bf4 Bc5 12. Qd2 Ne7 13. Ng5 O-O-O 14. Nce4 h6
15. Nxc5 hxg5 16. Bxg5 Nxc5 17. Bxe7 Ne4 18. Qd3 Rde8 19. Bb4 Qf6 20. O-O Qf4
21. h3 Ng5 22. Bd2 Nxh3+ 23. Kg2 Qf6 24. Qf3 Ng5 25. Qxf6 gxf6 26. Bd3 Ne4 27.
Be3 Rhg8 28. f3 Ng5 29. Bxa7 Kc7 30. Bd4 Ne6 31. Bxf6 Nf4+ 32. Kf2 Nxd3+ 33.
cxd3 Bg6 34. d4 Ref8 35. Be5+ Kb6 36. Ke3 Rf7 37. Rac1 Rgf8 38. Rc3 Be4 39. Ke2
Ka7 40. Re3 b6 41. Bd6 Rd8 42. fxe4 Rxf1 43. Ra3+ Kb7 44. Kxf1 Rxd6 45. e5 Rg6
46. Rg3 c5 47. Ke2 Kc6 48. Kd3 Rg5 49. a3 Kb5 50. Kc3 Kc6 51. b3 Kb5 52. Kd3
Kc6 53. Ke3 Kd7 54. Kf4 Rg8 55. dxc5 bxc5 56. Rc3 Rf8+ 57. Kg5 Rc8 58. Kf6 Rc6+
59. Kf7 d4 60. Rd3 Re6 61. b4 Rxe5 62. bxc5 Rd5 63. Kf6 Kc6 64. g5 Kxc5 65. g6
Rd6+ 66. Kf7 Rd7+ 67. Kf8 Rd8+ 68. Ke7 Ra8 69. g7 Kc4 70. Rd1 Ra7+ 71. Kf6 1-0

[Event "Druzynowe Mistrzostwa Regionu KPZSzach 2"]
[Site "Kujawsko-pomorskie"]
[Date "2020.??.??"]
[Round "5.23"]
[White "Bartosik, Piotr"]
[Black "Budnik, Mateusz"]
[Result "0-1"]
[WhiteElo "1891"]
[BlackElo "2072"]
[PlyCount "58"]
[EventDate "2020.??.??"]

1. e4 e6 2. d4 d5 3. Nc3 Nf6 4. e5 Nfd7 5. f4 c5 6. Nf3 Nc6 7. Be3 Be7 8. Qd2
a6 9. O-O-O c4 10. f5 Nf8 11. fxe6 Bxe6 12. g3 b5 13. Bg2 h6 14. Rdf1 b4 15.
Na4 c3 16. Qd3 cxb2+ 17. Nxb2 Qa5 18. Qb3 Nd7 19. Nh4 Bxh4 20. gxh4 Rc8 21. Rf2
Ncxe5 22. Re1 Rc3 23. Qa4 Qxa4 24. Nxa4 Nd3+ 25. Kd2 Nxe1 26. Nxc3 Nxg2 27.
Rxg2 bxc3+ 28. Kxc3 Nf6 29. Rxg7 Ng4 0-1

[Event "Druzynowe Mistrzostwa Regionu KPZSzach 2"]
[Site "Kujawsko-pomorskie"]
[Date "2020.??.??"]
[Round "5.24"]
[White "Olszewski, Marek"]
[Black "Papka, Sebastian"]
[Result "0-1"]
[WhiteElo "2003"]
[BlackElo "2136"]
[PlyCount "81"]
[EventDate "2020.??.??"]

1. e4 d5 2. Nc3 d4 3. Nce2 c5 4. Nf3 Nc6 5. Ng3 h5 6. h3 h4 7. Ne2 e6 8. d3 Be7
9. c3 Bf6 10. cxd4 cxd4 11. Bd2 a5 12. Nc1 Nge7 13. Be2 Ng6 14. O-O e5 15. Ne1
Bg5 16. Bg4 Bxg4 17. hxg4 Bxd2 18. Qxd2 Nce7 19. Ne2 Qd6 20. Nc2 Kf8 21. Rfc1
Nf4 22. Nxf4 exf4 23. f3 Nc6 24. Na3 Qf6 25. Nb5 g5 26. Nc7 Rd8 27. Kf2 Kg7 28.
Nd5 Qh6 29. Rh1 a4 30. Rac1 Qd6 31. Nb6 a3 32. bxa3 Qxa3 33. Rb1 Qa6 34. a4 Ne5
35. Ke2 Rd6 36. a5 Rc6 37. Rb3 Rhh6 38. Na4 Qa8 39. Rb2 Qc8 40. Nb6 Qe6 41. Rb4
{DALSZY ZAPIS PARTII NIECZYTELNY} 0-1